00591nam a2200193Ia 4500008004100000100002100041245005200062245002000114260000800134260000900142300002900151440005700180650001700237650001700254650002300271650001200294999001900306952007200325180910s9999 xx 000 0 und d aSmith, Eliot, R. aJournal of Personalilty and Social Psychology / cEliot R. Smith. bUSA c2017 apages 787-966, June 2017 aJournal of Personalilty and Social Psychologyv112:6 aPeriodicals. aPersonality. aSocial Psychology. aTraits. c358731d358731 001040aCLbCLd2018-09-10l0r2018-09-10 00:00:00w2018-09-10ySE